Statistics for Capitals of Oceania - North to South

Click here to take the quiz!

General Stats

  • This quiz has been taken 61 times
  • The average score is 13 of 14

Answer Stats

LatitudeCapital% Correct
35° 18' SCanberra
98%
13° 50' SApia
95%
7° 30' NNgerulmud
95%
17° 45' SPort Vila
95%
18° 08' SSuva
95%
41° 17' SWellington
95%
9° 26' SHoniara
93%
7° 04' NMajuro
93%
21° 08' SNuku'alofa
93%
9° 31' SPort Moresby
93%
1° 26' NSouth Tarawa
93%
0° 33' SYaren
93%
8° 31' SFunafuti
91%
6° 55' NPalikir
88%

Score Distribution

Percentile by Number Answered

Percent of People with Each Score

Your Score History

You have not taken this quiz